Statistics for Minecraft Mobs [2022] [1.19]

Click here to take the quiz!

General Stats

  • This quiz has been taken 142 times
  • The average score is 58 of 77

Answer Stats

Mob typesAnswers% Correct
HostileZombie
97%
PassivePig
95%
PassiveCow
94%
Passive/TameableCat
91%
Hostile/BossEnder Dragon
89%
PassiveSheep
89%
HostileSkeleton
89%
Hostile/BossWither
89%
Neutral/TameableWolf
89%
PassiveChicken
88%
NeutralEnderman
88%
NeutralPiglin
86%
NeutralSpider
86%
PassiveVillager
86%
HostileCreeper
85%
NeutralIron Golem
83%
HostileWither Skeleton
83%
HostilePillager
82%
PassiveSalmon
82%
PassiveSnow Golem
80%
HostileWitch
80%
NeutralDolphin
78%
Passive/TameableHorse
78%
NeutralLlama
78%
PassiveOcelot
78%
Passive/DefensivePufferfish
78%
HostileSlime
78%
HostileBlaze
77%
HostileHoglin
77%
HostileShulker
77%
PassiveBat
75%
NeutralBee
75%
PassiveCod
75%
Passive
Axolotl
75%
Passive/TameableDonkey
75%
HostileVex
75%
Hostile/BossWarden
75%
Passive
Allay
74%
PassiveFrog
74%
NeutralGoat
74%
HostileMagma Cube
74%
Passive/TameableParrot
74%
NeutralPolar Bear
74%
PassiveTropical Fish
74%
HostileZombie Villager
74%
NeutralCave Spider
72%
HostileEndermite
72%
HostileEvoker
72%
Passive/TameableMule
72%
NeutralPanda
72%
PassiveRabbit
72%
HostileVindicator
72%
HostileElder Guardian
71%
HostileGhast
71%
HostileGuardian
71%
HostilePiglin Brute
71%
PassiveSquid
71%
HostileRavager
69%
PassiveTurtle
69%
PassiveWandering Trader
69%
PassiveFox
68%
HostileHusk
68%
HostileStray
68%
HostileZoglin
68%
HostileDrowned
66%
HostilePhantom
66%
HostileSilverfish
66%
PassiveStrider
66%
PassiveSkeleton Horse
65%
PassiveGlow Squid
62%
PassiveMooshroom
62%
HostileSpider Jockey
62%
HostileChicken Jockey
58%
NeutralZombified Piglin
58%
PassiveTadpole
54%
NeutralTrader Llama
54%
HostileSkeleton Horseman
40%

Score Distribution

Percentile by Number Answered

Percent of People with Each Score

Your Score History

You have not taken this quiz